Oficiales de la Administración de Justicia (Record no. 11252)

MARC details
000 -LEADER
campo de control de longitud fija 00888nam a2200217 i 4500
001 - NÚMERO DE CONTROL
campo de control 11252
003 - IDENTIFICADOR DE NÚMERO DE CONTROL
campo de control ES-MaACL
007 - CAMPO FIJO DE DESCRIPCIÓN FÍSICA--INFORMACIÓN GENERAL
campo de control de longitud fija t|
008 - DATOS DE LONGITUD FIJA--INFORMACIÓN GENERAL
campo de control de longitud fija 960327s1994 sp ||||1| spa d
020 ## - NÚMERO INTERNACIONAL ESTÁNDAR DEL LIBRO
Número Internacional Estándar del Libro 84-89097-03-8
080 ## - NÚMERO DE LA CLASIFICACIÓN DECIMAL UNIVERSAL
Número de la Clasificación Decimal Universal 347.964(460)(079.1)
100 1# - ENTRADA PRINCIPAL--NOMBRE DE PERSONA
Nombre de persona Monte Soria, Manuel del.
9 (RLIN) 82421
245 10 - MENCIÓN DEL TÍTULO
Título Oficiales de la Administración de Justicia
Resto del título : manual teórico de derecho procesal /
Mención de responsabilidad, etc. Manuel del Monte Soria, Juan Carlos Martín del Monte, Isabel Gómez Alcalde.
260 ## - PUBLICACIÓN, DISTRIBUCIÓN, ETC.
Lugar de publicación, distribución, etc. Madrid :
Nombre del editor, distribuidor, etc. A. Difusión,
Fecha de publicación, distribución, etc. D.L. 1994.
300 ## - DESCRIPCIÓN FÍSICA
Extensión 1 v. ;
Dimensiones 22 cm.
505 8# - NOTA DE CONTENIDO CON FORMATO
Nota de contenido con formato V.I : I. Organización judicial. II. Procedimiento civil. Registro civil
610 10 - PUNTO DE ACCESO ADICIONAL DE MATERIA--NOMBRE DE ENTIDAD CORPORATIVA
Nombre de entidad corporativa o nombre de jurisdicción como elemento de entrada Cuerpo de Oficiales de la Administración de Justicia-
Subdivisión de forma Contestaciones para oposiciones.
9 (RLIN) 3351
700 1# - ENTRADA AGREGADA--NOMBRE PERSONAL
Nombre de persona Martín del Monte, Juan Carlos.
9 (RLIN) 77467
700 1# - ENTRADA AGREGADA--NOMBRE PERSONAL
Nombre de persona Gómez Alcalde, Isabel.
9 (RLIN) 57808
852 ## - LOCALIZACIÓN
Ubicación ES-MaACL
Número de control de estantería P-26
Sublocalización o colección R.124935
Holdings
Estatus retirado Estado de pérdida Estado de daño No para préstamo Biblioteca de origen Biblioteca actual Ubicación en estantería Fecha de adquisición Fuente de adquisición Total de préstamos Signatura topográfica completa Código de barras Visto por última vez Precio de reemplazo Tipo de ítem Koha
        Biblioteca del Ateneo de Madrid Biblioteca del Ateneo de Madrid Depósito 2 17/01/2008     P-26 1011474 23/02/2023 23/02/2023 Libro impreso